000 00482nam a2200145Ia 4500
008 231129s1997||||xx |||||||||||||| ||spa||
020 _a968-16-4504-9
040 _bspa
082 _a370.946 G463p
100 _aGil Villa Fernando
245 0 _aLa participación democrática en la escuela: de cómo los agentes educativos se las ingenian para gobernarse
260 _c1997
264 _aCooperativa Editorial Magisterio
942 _2ddc
_cBKS
999 _c17874
_d17874